|
|
|
|
| LEADER |
00000nam0a2200000 4500 |
| 001 |
32952 |
| 005 |
20231101210128.0 |
| 010 |
|
|
|a 5030012818
|
| 035 |
|
|
|a (RuTPU)RU\TPU\book\33264
|
| 035 |
|
|
|a BOOK00000057
|
| 090 |
|
|
|a 32952
|
| 100 |
|
|
|a 20011210d1988 km y0rusy50 ca
|
| 101 |
1 |
|
|a rus
|c eng
|
| 102 |
|
|
|a RU
|
| 105 |
|
|
|a a e 001zy
|
| 200 |
1 |
|
|a Иллюстрированный химический словарь
|e пер. с англ.
|f А. Годмен
|
| 210 |
|
|
|a Москва
|c Мир
|d 1988
|
| 215 |
|
|
|a 270 с.
|c ил.
|
| 320 |
|
|
|a Указ. англ. терминов: с. 245-254
|
| 320 |
|
|
|a Алф. указ.: с. 255 -267
|
| 606 |
1 |
|
|a Химия
|2 stltpush
|3 (RuTPU)RU\TPU\subj\17362
|9 43035
|
| 610 |
1 |
|
|a вещество
|
| 610 |
1 |
|
|a эксперименты
|
| 610 |
1 |
|
|a смеси
|
| 610 |
1 |
|
|a воздух
|
| 610 |
1 |
|
|a вода
|
| 610 |
1 |
|
|a химические реакции
|
| 610 |
1 |
|
|a растворы
|
| 610 |
1 |
|
|a кристаллы
|
| 610 |
1 |
|
|a коллоиды
|
| 610 |
1 |
|
|a электролиз
|
| 610 |
1 |
|
|a радиоактивность
|
| 610 |
1 |
|
|a сырье
|
| 610 |
1 |
|
|a химическая технология
|
| 610 |
1 |
|
|a полимеры
|
| 610 |
1 |
|
|a словари
|
| 610 |
1 |
|
|a термины
|
| 610 |
1 |
|
|a английский язык
|
| 610 |
1 |
|
|a периодическая система элементов
|
| 675 |
|
|
|a 54(03)
|v 3
|
| 700 |
|
1 |
|a Годмен
|b А.
|g Артур
|
| 801 |
|
0 |
|a RU
|b 63413507
|c 20011210
|g PSBO
|
| 801 |
|
2 |
|a RU
|b 63413507
|c 20140529
|g PSBO
|
| 942 |
|
|
|c BK
|